ბათუმის შოთა რუსთაველის სახელმწიფო უნივერსიტეტის ბიბლიოთეკა

Secessionism and the European Union : (ბიბ.ჩანაწერი № 53685)

000 -LEADER
fixed length control field 01133nam a2200289Ia 4500
001 - CONTROL NUMBER
control field 20733
003 - CONTROL NUMBER IDENTIFIER
control field GE_BSU
005 - DATE AND TIME OF LATEST TRANSACTION
control field 20221110151056.0
008 - FIXED-LENGTH DATA ELEMENTS--GENERAL INFORMATION
fixed length control field 181216s2015||||xx |||||||||||||| ||eng||
020 ## - INTERNATIONAL STANDARD BOOK NUMBER
International Standard Book Number 9780739190845x
040 ## - CATALOGING SOURCE
Transcribing agency GE_BSU
041 ## - LANGUAGE CODE
Language code of text/sound track or separate title eng
080 ## - UNIVERSAL DECIMAL CLASSIFICATION NUMBER
Universal Decimal Classification number 327 D-85
100 ## - MAIN ENTRY--PERSONAL NAME
Personal name Duerr, Glen M. E.
9 (RLIN) 10435
245 ## - TITLE STATEMENT
Title Secessionism and the European Union :
Remainder of title The Future of Flanders, Scotland, and Catalonia /
Statement of responsibility, etc. Glen M. E. Duer.
264 ## - PRODUCTION, PUBLICATION, DISTRIBUTION, MANUFACTURE, AND COPYRIGHT NOTICE
Place of production, publication, distribution, manufacture Lanham :
Name of producer, publisher, distributor, manufacturer Lexington Books,
Date of production, publication, distribution, manufacture, or copyright notice 2015.
300 ## - PHYSICAL DESCRIPTION
Extent 212 p. ;
Dimensions 24 cm.
500 ## - GENERAL NOTE
General note Bibl. : p.189-206
500 ## - GENERAL NOTE
General note Index. : p.207-212
653 ## - INDEX TERM--UNCONTROLLED
keyword Secessionism and the European Union
653 ## - INDEX TERM--UNCONTROLLED
keyword The Future of Flanders, Scotland, and Catalonia
653 ## - INDEX TERM--UNCONTROLLED
keyword Сецессионизм и Европейский Союз
653 ## - INDEX TERM--UNCONTROLLED
keyword будущее Фландрии, Шотландии и Каталонии
653 ## - INDEX TERM--UNCONTROLLED
keyword სეცესიონიზმი და ევროკავშირი
653 ## - INDEX TERM--UNCONTROLLED
keyword ფლანდების, შოტლანდიის და კატალონიის მომავალი
942 ## - ADDED ENTRY ELEMENTS (KOHA)
Koha item type წიგნი
Source of classification or shelving scheme
ეგზემპლარები
Withdrawn status Lost status Source of classification or shelving scheme Damaged status Not for loan Permanent Location Current Location Shelving location Date acquired Cost, normal purchase price Full call number Barcode Date last seen Copy number Price effective from Koha item type Public note
          ბათუმის შოთა რუსთაველის სახელმწიფო უნივერსიტეტის მთავარი ბიბლიოთეკა ბათუმის შოთა რუსთაველის სახელმწიფო უნივერსიტეტის მთავარი ბიბლიოთეკა წიგნსაცავი 2018-12-17 181.00 327 D-85 54045 2018-12-17 54045 2018-12-17 წიგნი 181.00 GEL.